01066nam a2200241Ia 4500001000600000003000900006008004100015040001300056040001300069041001300082100002800095100002900123245006400152245006400216250001100280260001100291260002000302260004900322300005700371500033700428650002800765650003100793H8178IT-RoPAU130308s9999 xx 000 0 und d aIT-RoPAU cIT-RoPAU aITALIANO aBazzocchi Marco Antonio gCodice Aut. SPICS: 59252 aBurattini filosofi (I) Pasolini dalla letteratura al cinema bBurattini filosofi (I) Pasolini Dalla letteratura al Cinema a1a ed. aMILANO bMondadori Bruno c2007 [1° Ed.:2007 - Ed.Ling.Originale:2007] a"186 p. (prefazione: no ; testo: 186 [pagine: 0-0])" aUn Sogno. Dante nel Cinema. mangiare e Essere Mangiati. Burattini Filosofi. Teorema: Mito e Tragedia Borghese. Tutte Gioie sessuali Messe Insieme. Verità e Realtà. tanti cortometraggi che Ricompongono L'Oepra di Pasolini al pari di un Unico Film da guardare Provando Sempre Lo Stesso Stupore, Uno Smisurato Cinema della Realta'. aAUTORI/OPERE DEL CINEMA eCodice materia Spics: 6807